|
|
|
|
| LEADER |
01090nam a2200337 4500 |
| 001 |
DLU090094517 |
| 005 |
##20091201 |
| 040 |
# |
# |
|a DLU
|b eng
|
| 041 |
# |
# |
|a eng
|
| 044 |
# |
# |
|a us
|
| 100 |
# |
# |
|a Kamath, Roopa.
|
| 245 |
# |
# |
|a Effect of root-derived substrates on the expression of nah-lux genes in pseudomonas fluorescens HK44 : Implications for PAH biodegradation in the rhizosphere /
|c Roopa Kamath, Jerald L. Schnoor, Pedro J. J. Alvarez.
|
| 653 |
# |
# |
|a Biodegradation
|
| 653 |
# |
# |
|a Phytoremediation
|
| 653 |
# |
# |
|a Plant
|
| 653 |
# |
# |
|a Pollutants
|
| 653 |
# |
# |
|a Polycyclic aromatic compounds
|
| 653 |
# |
# |
|a Review
|
| 653 |
# |
# |
|a Root
|
| 700 |
# |
# |
|a Alvarez, Pedro J. J.
|
| 700 |
# |
# |
|a Schnoor, Jerald L.
|
| 773 |
# |
# |
|t Environmental Science & Technology
|g Vol. 38, no. 6 (March 2004), p. 1740-1745
|
| 920 |
# |
# |
|a Phòng Tạp chí -- Trung tâm Thông tin - Thư viện Trường Đại học Đà Lạt
|
| 994 |
# |
# |
|a DLU
|
| 900 |
# |
# |
|a True
|
| 911 |
# |
# |
|a Trương Bảo Trâm Anh
|
| 925 |
# |
# |
|a G
|
| 926 |
# |
# |
|a A
|
| 927 |
# |
# |
|a BB
|
| 980 |
# |
# |
|a Thư viện Trường Đại học Đà Lạt
|